|
|
|
|
| LEADER |
02770nam a2200709 i 4500 |
| 001 |
nkc20152707726 |
| 003 |
CZ PrNK |
| 005 |
20160308092729.0 |
| 007 |
ta |
| 008 |
150616s2015 xr a f 001 0 cze |
| 015 |
|
|
|a cnb002707726
|
| 020 |
|
|
|a 978-80-7435-574-5
|q (vázáno)
|
| 035 |
|
|
|a (OCoLC)944217113
|
| 040 |
|
|
|a ABA001
|b cze
|d BOA001
|e rda
|
| 041 |
0 |
|
|a cze
|b eng
|
| 072 |
|
7 |
|a 364-1/-7
|x Druhy sociální pomoci a služeb
|2 Konspekt
|9 18
|
| 080 |
|
|
|a 17.026.2
|2 MRF
|
| 080 |
|
|
|a 303.025
|2 MRF
|
| 080 |
|
|
|a 364-78
|2 MRF
|
| 080 |
|
|
|a 316.62
|2 MRF
|
| 080 |
|
|
|a 316.472.4
|2 MRF
|
| 080 |
|
|
|a 316.4.051.63
|2 MRF
|
| 080 |
|
|
|a (048.8:082)
|2 MRF
|
| 100 |
1 |
|
|a Levická, Jana
|7 xx0077653
|4 aut
|
| 245 |
1 |
0 |
|a Teoreticko-empirické reflexe solidarity /
|c Levická, Jana, Levická, Katarína, Truhlářová, Zuzana
|
| 250 |
|
|
|a Vydání: první
|
| 264 |
|
1 |
|a Hradec Králové :
|b Gaudeamus,
|c 2015
|
| 300 |
|
|
|a 100 stran :
|b barevné ilustrace ;
|c 22 cm
|
| 336 |
|
|
|a text
|b txt
|2 rdacontent
|
| 337 |
|
|
|a bez média
|b n
|2 rdamedia
|
| 338 |
|
|
|a svazek
|b nc
|2 rdacarrier
|
| 490 |
1 |
|
|a Recenzované monografie
|
| 500 |
|
|
|a Nad názvem: Univerzita Hradec Králové, Ústav sociální práce
|
| 504 |
|
|
|a Obsahuje bibliografii, bibliografické odkazy a rejstřík
|
| 546 |
|
|
|a Anglické resumé
|
| 650 |
0 |
7 |
|a solidarita
|7 ph125831
|2 czenas
|
| 650 |
0 |
7 |
|a solidarita
|7 ph125831
|x teorie
|2 czenas
|
| 650 |
0 |
7 |
|a empirický výzkum
|7 ph486121
|2 czenas
|
| 650 |
0 |
7 |
|a sociální práce
|7 ph125805
|2 czenas
|
| 650 |
0 |
7 |
|a sociální chování
|7 ph125776
|2 czenas
|
| 650 |
0 |
7 |
|a interpersonální vztahy
|7 ph114786
|2 czenas
|
| 650 |
0 |
7 |
|a mezigenerační vztahy
|7 ph202180
|2 czenas
|
| 650 |
0 |
9 |
|a solidarity
|2 eczenas
|
| 650 |
0 |
9 |
|a solidarity
|x theory
|2 eczenas
|
| 650 |
0 |
9 |
|a empirical research
|2 eczenas
|
| 650 |
0 |
9 |
|a social work
|2 eczenas
|
| 650 |
0 |
9 |
|a social behavior
|2 eczenas
|
| 650 |
0 |
9 |
|a interpersonal relations
|2 eczenas
|
| 650 |
0 |
9 |
|a intergenerational relations
|2 eczenas
|
| 655 |
|
7 |
|a kolektivní monografie
|7 fd501537
|2 czenas
|
| 655 |
|
9 |
|a collective monographs
|2 eczenas
|
| 700 |
1 |
|
|a Levická, Katarína
|7 xx0131851
|4 aut
|
| 700 |
1 |
|
|a Truhlářová, Zuzana
|7 xx0036870
|4 aut
|
| 710 |
2 |
|
|a Univerzita Hradec Králové.
|b Ústav sociální práce
|7 olak2011625902
|4 isb
|
| 830 |
|
0 |
|a Recenzované monografie
|0 s
|
| 856 |
4 |
1 |
|u http://www.digitalniknihovna.cz/mzk/uuid/uuid:9c0374d0-3f4e-11e6-a5c5-005056827e51
|y Digitalizovaný dokument
|x NDK
|
| 910 |
2 |
|
|a BOA001
|b 2-1359.486
|
| 990 |
|
|
|a BK
|
| 995 |
|
|
|a 01
|
| 991 |
|
|
|b 201602
|c NOV
|
| 996 |
6 |
|
|b 2610656868
|c 2-1359.486
|l MZK
|r Sklad / do 1 hodiny
|n 4
|p p.v.
|w 001540130
|u 000010
|a 1
|e BOA001
|j MZK50
|s P
|
| 996 |
7 |
|
|b 2610660631
|c 2-1359.486
|l MZK
|r Sklad / do 1 hodiny
|n 3
|p dar
|w 001540130
|u 000020
|a 1
|e BOA001
|j MZK50
|s A
|